000
00235nam a2200097Ia 4500
008
190216s9999||||xx |||||||||||||| ||und||
100
_a
Khan M L
245
0
_a
Careers Guide To Indian Forest Service Exams
260
_b
Null
942
_c
REF
999
_c
35536
_d
35536